Представление документа в формате RUSMARC

ПолеНазваниеЗначение
  Тип записи c
  Библиографический уровень m
001 Контрольный номер RU/УОНБ/EK_N/371313721
005 Дата корректировки 20260219134036.1
013 Номер (ISMN) __
d Цена 67 р. 10 к.
071 Издательские номер (звукозапись и ноты) 21
a Номер, присвоенный агентством 2742
100 Данные общей обработки __
a Данные общей обработки 20111007d2000 u y0rusy0189 ca
101 Язык документа 0_
a Язык текста rus
102 Страна публикации __
a Страна публикации RU
105 Кодированные данные (монография) __
a Кодированные данные (монография) y###||||000|y
200 Заглавие и сведения об ответственности 1_
a Заглавие Вып. 3
210 Выходные данные 1_
d Дата издания 2000
215 Физическое описание __
a Объем 42 c.
300 Общие примечания __
a Общие примечания [Вступ. ст. ред.]
327 Примечание о содержании 11
a Примечание о содержании Содерж.: Моцарт В. А. Фантазия. - Бетховен Л. К Элизе. - Бетховен Л. Соната № 14 : Лунная : I ч. - Массне Ж. Элегия. - Грибоедов А. Два вальса. - Глинка М. Разлука : ноктюрн. - Чайковский П. Баркарола : из цикла "Времена года". - Чайковский П. Вальс цветов : из балета "Щелкунчик". - Чайковский П. Танец маленьких лебедей : из балета "Лебединое озеро"
461 Уровень набора _0
1 001RU/УОНБ/EK_N/371310963
1 200
a Легкая классика
b [Ноты]
d Light classics
e для фп.
z eng
v Вып. 3
1 210
a СПб.
c Композитор
d 2000
1 225
a Мое удовольствие
d Mon plaisir
464 Аналитический уровень _0
1 2001
a Фантазия
1 700 1
a Моцарт
b В.
4 230
464 Аналитический уровень _0
1 2001
a К Элизе
1 700 1
a Бетховен
b Л.
4 230
464 Аналитический уровень _0
1 2001
a Соната № 14
e Лунная
1 700 1
a Бетховен
b Л.
4 230
464 Аналитический уровень _0
1 2001
a Элегия
1 700 1
a Массне
b Ж.
4 230
464 Аналитический уровень _0
1 2001
a Два вальса
1 700 1
a Грибоедов
b А.
4 230
1 50010
a Вальс
464 Аналитический уровень _0
1 2001
a Разлука
e ноктюрн
1 700 1
a Глинка
b М.
4 230
464 Аналитический уровень _0
1 2001
a Баркарола
e из цикла "Времена года"
1 700 1
a Чайковский
b П.
4 230
1 50010
a Времена года
464 Аналитический уровень _0
1 2001
a Вальс цветов
e из балета "Щелкунчик"
1 700 1
a Чайковский
b П.
4 230
1 50010
a Щелкунчик
464 Аналитический уровень _0
1 2001
a Танец маленьких лебедей
e из балета "Лебединое озеро"
1 700 1
a Чайковский
b П.
4 230
1 50010
a Лебединое озеро
606 Тематические рубрики 0_
a Основная рубрика Фортепианная музыка
x Основная подрубрика Отрывки из балетов
610 Ключевые слова 0_
a Ключевые слова фортепиано
686 Индексы других классификаций __
a Классификационный индекс 85.954.2я43
2 Код системы rubbk
801 Источник записи _0
a Страна RU
b Организация Ульяновская ОНБ
c Дата составления 20111007
g Правила каталогизации RCR
801 Источник записи _1
a Страна RU
b Организация IS
c Дата составления 20111007
g Правила каталогизации RCR
901 Тип документа __
t Тип документа n
w Контрольный № источника RU/УОНБ/EK_N/371310963
909 Создатель записи __
a Создатель записи Лобина Л. И.
910 Корректоры записи __
a Корректор записи Илямакова
938 Служебная информация __
a Имя БД noti
b Имя библиотеки УОНБ
c Имя АИБС МАРК-SQL
d Номер DOC_ID в БД 9138